<?xml version="1.0" encoding="UTF-8"?><?xml-stylesheet type="text/xsl" href="static/style.xsl"?><OAI-PMH xmlns="http://www.openarchives.org/OAI/2.0/" xmlns:xsi="http://www.w3.org/2001/XMLSchema-instance" xsi:schemaLocation="http://www.openarchives.org/OAI/2.0/ http://www.openarchives.org/OAI/2.0/OAI-PMH.xsd"><responseDate>2026-04-27T22:00:38Z</responseDate><request verb="GetRecord" identifier="oai:uvadoc.uva.es:10324/76254" metadataPrefix="marc">https://uvadoc.uva.es/oai/request</request><GetRecord><record><header><identifier>oai:uvadoc.uva.es:10324/76254</identifier><datestamp>2026-03-12T11:41:06Z</datestamp><setSpec>com_10324_1187</setSpec><setSpec>com_10324_931</setSpec><setSpec>com_10324_894</setSpec><setSpec>col_10324_1408</setSpec></header><metadata><record xmlns="http://www.loc.gov/MARC21/slim" xmlns:doc="http://www.lyncode.com/xoai" xmlns:xsi="http://www.w3.org/2001/XMLSchema-instance" xmlns:dcterms="http://purl.org/dc/terms/" xsi:schemaLocation="http://www.loc.gov/MARC21/slim http://www.loc.gov/standards/marcxml/schema/MARC21slim.xsd">
<leader>00925njm 22002777a 4500</leader>
<datafield tag="042" ind1=" " ind2=" ">
<subfield code="a">dc</subfield>
</datafield>
<datafield tag="720" ind1=" " ind2=" ">
<subfield code="a">Fernández Peña, Laura</subfield>
<subfield code="e">author</subfield>
</datafield>
<datafield tag="720" ind1=" " ind2=" ">
<subfield code="a">González Andrés, Paula</subfield>
<subfield code="e">author</subfield>
</datafield>
<datafield tag="720" ind1=" " ind2=" ">
<subfield code="a">Tapias Molina, Victor</subfield>
<subfield code="e">author</subfield>
</datafield>
<datafield tag="720" ind1=" " ind2=" ">
<subfield code="a">Núñez Llorente, Lucía</subfield>
<subfield code="e">author</subfield>
</datafield>
<datafield tag="720" ind1=" " ind2=" ">
<subfield code="a">Villalobos Jorge, Carlos</subfield>
<subfield code="e">author</subfield>
</datafield>
<datafield tag="260" ind1=" " ind2=" ">
<subfield code="c">2023</subfield>
</datafield>
<datafield tag="520" ind1=" " ind2=" ">
<subfield code="a">Alzheimer’s disease (AD) and Parkinson’s disease (PD) are the two most common neu&#xd;
rodegenerative diseases in the elderly. The key histopathological features of these diseases are the  presence of abnormal protein aggregates and the progressive and irreversible loss of neurons in  specific brain regions. The exact mechanisms underlying the etiopathogenesis of AD or PD remain un known, but there is extensive evidence indicating that excessive generation of reactive oxygen speciesROS) and reactive nitrogen species (RNS), along with a depleted antioxidant system, mitochondrial&#xd;
 dysfunction, and intracellular Ca2+ dyshomeostasis, plays a vital role in the pathophysiology of  these neurological disorders. Due to an improvement in life expectancy, the incidence of age-related  neurodegenerative diseases has significantly increased. However, there is no effective protective  treatment or therapy available but rather only very limited palliative treatment. Therefore, there is an  urgent need for the development of preventive strategies and disease-modifying therapies to treat  AD/PD.Because dysregulated Ca2+ metabolism drives oxidative damage and neuropathology in  these diseases, the identification or development of compounds capable of restoring Ca2+ homeostasis  and signaling may provide a neuroprotective avenue for the treatment of neurodegenerative diseases.&#xd;
 In addition, a set of strategies to control mitochondrial Ca2+ homeostasis and signaling has been  reported, including decreased Ca2+ uptake through voltage-operated Ca2+ channels (VOCCs). In this  article, we review the modulatory effects of several heterocyclic compounds on Ca2+ homeostasis and  trafficking, as well as their ability to regulate compromised mitochondrial function and associated free-radical production during the onset and progression of AD or PD. This comprehensive review also describes the chemical synthesis of the heterocycles and summarizes the clinical trial outcomes.</subfield>
</datafield>
<datafield tag="024" ind2=" " ind1="8">
<subfield code="a">Antioxidants 2023, 12, 1282</subfield>
</datafield>
<datafield tag="024" ind2=" " ind1="8">
<subfield code="a">https://uvadoc.uva.es/handle/10324/76254</subfield>
</datafield>
<datafield tag="024" ind2=" " ind1="8">
<subfield code="a">https://doi.org/10.3390/antiox12061282</subfield>
</datafield>
<datafield tag="024" ind2=" " ind1="8">
<subfield code="a">1282</subfield>
</datafield>
<datafield tag="024" ind2=" " ind1="8">
<subfield code="a">12</subfield>
</datafield>
<datafield tag="245" ind1="0" ind2="0">
<subfield code="a">Therapeutic Potential of Heterocyclic Compounds Targeting Mitochondrial Calcium  Homeostasis and Signaling in Alzheimer’s Disease and Parkinson’s Disease</subfield>
</datafield>
</record></metadata></record></GetRecord></OAI-PMH>